Κατάλογος Βιβλιοθηκών Mediterranean College

Illustration / For Professional Communicators (Record no. 1872)

MARC details
000 -LEADER
fixed length control field 00902cam a22002054a 4500
005 - ΗΜΕΡΟΜΗΝΙΑ ΚΑΙ ΩΡΑ ΤΕΛΕΥΤΑΙΑΣ ΕΝΗΜΕΡΩΣΗΣ
Πεδίο ελέγχου 20250605164022.0
008 - FIXED-LENGTH DATA ELEMENTS--GENERAL INFORMATION
Πεδίο ελέγχου σταθερού μήκους 250528s ||||||||||||||||||||||||d
035 ## - SYSTEM CONTROL NUMBER
System control number 16363
020 ## - ISBN
ISBN 713471719
040 ## - ΠΗΓΗ ΚΑΤΑΛΟΓΟΓΡΑΦΗΣΗΣ
Φορέας πρωτότυπης καταλογογράφησης MC Athens Campus Library
Γλώσσα καταλογογράφησης Ελληνικά, Μοντέρνα (1453-)
Modifying agency MC Athens Campus Library
Κανόνες περιγραφικής καταλογογράφησης AACR2
245 1# - ΤΙΤΛΟΣ ΚΑΙ ΔΗΛΩΣΗ ΥΠΕΥΘΥΝΟΤΗΤΑΣ
Τίτλος Illustration / For Professional Communicators
260 ## - PUBLICATION, DISTRIBUTION, ETC.
Name of publisher, distributor, etc. Batsford,
Date of publication, distribution, etc. 1993
300 ## - PHYSICAL DESCRIPTION
Extent 98
505 0# - FORMATTED CONTENTS NOTE
Formatted contents note What is the Purpose of Your Illustration, Who is it For, For How Long Will it Be Seen, How Will It Reproduced, How Much Time Has Been Allowed, What are Your Own Particular Skills, Glossary, Bibliography, Index.
520 ## - SUMMARY, ETC.
Summary, etc. What is the Purpose of Your Illustration, Who is it For, For How Long Will it Be Seen, How Will It Reproduced, How Much Time Has Been Allowed, What are Your Own Particular Skills, Glossary, Bibliography, Index.
700 1# - ΠΡΟΣΘΕΤΗ ΑΝΑΓΡΑΦΗ--ΦΥΣΙΚΟ ΠΡΟΣΩΠΟ
Personal name Squires Vicky
9 (RLIN) 2456
942 ## - ADDED ENTRY ELEMENTS (KOHA)
Koha item type Books
Holdings
Τύπος τεκμηρίου Βιβλιοθήκη Τρέχουσα τοποθεσία Barcode Αριθμός εισαγωγής Ημερομηνία απόκτησης Ταξιθετικό σύμβολο Αριθμός αντιτύπου Κατάσταση απόσυρσης Κατάσταση χαμένου Κατάσταση κατεστραμμένου Μη δανεισμός Σύνολο δανεισμών Ημερομηνία τελευταίας εμφάνισης Η τιμή ισχύει από
Books MC Athens Campus Library MC Athens Campus Library 9780000018717 3453 05/06/2025 741.60285 SQI 1           05/06/2025 05/06/2025

MC Athens Campus Library
Πατησίων 94 & Κοδριγκτώνος 13, 104 34
Πελλήνης 8 & Πατησίων 107, 112 51
Τ: +30 210 8899600

MC Thessaloniki Campus Library
Ίωνος Δραγούμη 21, 54625 | Ίωνος Δραγούμη 15, 54625
Τ: +30 2310 287779 – Τ: +30 2314 440300